L'Irlande pour les touristes... - Facile - Statistiques

Statistiques générales
  • Ce quiz a été pris 118 fois
  • Le résultat moyen est 13 sur 20
Statistiques - réponses
Question Indice Réponses Indice facile % Correct
La conduite se fait à droite ou à gauche ? Gauche
100%
Dans la capitale y-a-t-il un décalage horaire avec Paris ? (oui/non) Oui
99%
Quelles sont les langues officielles ? Anglais A
97%
Quelles sont les principales villes touristiques ? D Dublin
96%
Quelle est la monnaie ? Euro E
94%
Quelles sont les langues officielles ? Irlandais I
89%
Quelles sont les principales villes touristiques ? C Cork CROK
85%
Quelles sont les principales villes touristiques ? G Galway GAYALW
81%
Achats à faire 3/ Vêtement en laine Pull LUPL
80%
Achats à faire 2/ Alcool Whiskey SIKHEWY
72%
La vitesse sur autoroute est limitée à {120} km/h
71%
Quelles sont les principales villes touristiques ? K Kilkenny LIKEKNNY
60%
Quelles sont les principales villes touristiques ? L Limerick KLCIMIER
54%
La religion majoritaire est catholicisme C
53%
Le taux d'alcoolémie toléré au volant est de {0.8} g/l
47%
Le suffixe internet est ie
41%
On peut y visiter les parcs nationaux de C Connemara NARCOMANE
35%
Quelles sont les principales villes touristiques ? C Carlow CRAWLO
21%
Achats à faire 1/ Cristal de Waterford FORWARDET
17%
On peut y visiter les parcs nationaux de B Ballycroy BYYCROLLA
2%
Aucun quiz correspondant
Distribution des résultats
% des personnes avec chaque résultat
Percentile par nombre de réponses
Votre historique - résultats
Vous n’avez pas pris ce quiz